000
00286nam a22000977a 4500
005
20250901165323.0
008
210310b ||||| |||| 00| 0 eng d
050
_a
TL693
245
_a
THE AIR PILOT'S MANUAL VOLUME 7 RADIOTELEPHONY
_c
POOLEY'S
942
_2
lcc
_h
TL693 .C33 2013
999
_c
2095
_d
2095